000 00504nam a2200121Ia 4500
008 160712s9999 xx 000 0 und d
100 _aCampoamor II, Gonzalo A.
245 _cGonzalo A. Campoamor II
_aMga Tala hinggil sa Papel ng Tunggalian sa Pilosopiya ng Wika at Araling Wika
260 _c2015
_bLagda: Journal ng U.P. Departamento ng Filipino at Panitikan ng Pilipinas
300 _avol. 10 no. 1
650 _xPANITIKAN
856 _uhttp://journals.upd.edu.ph/index.php/lagda/issue/view/545/showToc
999 _c297094
_d297094